000 01167cam a2200265 4500
008 090401t1990 xxu||||| |||| 00| 0 eng d
020 _a0704905310
035 _a(Sirsi) u26158
041 _aeng
050 _a338.4369
_c18
110 _aUniversity of Reading
_bCentre for Strategic Studies in Construction
_986
245 _aUK construction prospects 2001
260 _aReading
_bCentre for Strategic Studies in Construction
_c1990
300 _avi, 30p.
_bill.
_c30cm.
350 _a75
505 _aMacroeconomic forecasts: the short term; the long term
505 _aConstruction forecasts: new public housing; new private housing; new public non-housing; new private industrial; new private commercial; repairs and maintenance
505 _aRegional prospects: South East; East Anglia; West Midlands; East Midlands; Yorkshire and Humberside; North; North west; Wales; Scotland; Northern Ireland
505 _aTables of construction output 1985-2001
505 _aTables of GDFCF in building and works by industry
690 _aBUILT ENVIRONMENT-CONSTRUCTION MARKET
710 _aCambridge Econometrics
_92154
942 _n0
948 _c04/03/1997
999 _c88892
_d88892